Statistics for Random NBA Player To College

Click here to take the quiz!

General Stats

  • This quiz has been taken 22 times
  • The average score is 5 of 15

Answer Stats

PlayerCollege% Correct
Stephen CurryDavidson
100%
Jayson TatumDuke
100%
Brandon IngramDuke
100%
Zion WilliamsonDuke
100%
Paolo BancheroDuke
100%
Cam ReddishDuke
100%
Grayson AllenDuke
100%
Al HorfordFlorida
100%
Patrick EwingGeorgetown
100%
Zach CollinsGonzaga
100%
John StocktonGonzaga
100%
OG AnunobyIndiana
100%
Larry BirdIndiana St
100%
Wilt ChamberlainKansas
100%
Dwyane WadeMarquette
100%
Jaren Jackson JrMichigan St
100%
Leaky BlackNorth Carolina
100%
Michael JordanNorth Carolina
100%
Kevin DurantTexas
100%
Alex CarusoTexas A&M
100%
Mikal BridgesVillanova
100%
Ty JeromeVirginia
100%
Tim DuncanWake Forest
100%
Chris PaulWake Forest
100%
Tyler HerroKentucky
83%
Miles BridgesMichigan St
75%
Ja MorantMurray St
67%
Keita Bates-DiopOhio St
67%
Blake GriffinOklahoma
67%
Buddy HieldOklahoma
67%
DeMar DeRozenUSC
67%
Chuck PersonAuburn
50%
RJ BarrettDuke
50%
Julius RandleKentucky
50%
Tyrese MaxeyKentucky
50%
Kobe BufkinMichigan
50%
Armen GilliamUNLV
50%
Ayo DosunmuIllinois
33%
Luka GarzaIowa
33%
Desmond BaneTCU
33%
Trevor ArizaUCLA
33%
Danuel HouseTexas A&M
20%
Keon EllisAlabama
0%
Deandre AytonArizona
0%
Moses MoodyArkansas
0%
Charles BarkleyAuburn
0%
Bonzi WellsBall State
0%
Chris ChildsBoise St
0%
Reggie JacksonBoston College
0%
Richaun HolmesBowling Green
0%
Larry FogleCanisius
0%
Bob DuffyColgate
0%
Walt BudkoColumbia
0%
Mark AguirreDePual
0%
Gary ZellerDrake
0%
Willie McCarterDrake
0%
Shane BattierDuke
0%
Rodney StuckeyEastern Washington
0%
Bradley BealFlorida
0%
Terance MannFlorida St
0%
Charlie YelvertonFordham
0%
Bob MullinsFordham
0%
Orlando RobinsonFresno St
0%
John DrewGardner-Webb
0%
Anthony EdwardsGeorgia
0%
Malcolm MillerHoly Cross
0%
Dick Van ArsdaleIndiana
0%
Steve ButtIona
0%
Tyrese HaliburtonIowa St
0%
Kelly Oubre JrKansas
0%
Devin BookerKentucky
0%
Malik MonkKentucky
0%
Jodie MeeksKentucky
0%
Anthony DavisKentucky
0%
C.J. McCollumLehigh
0%
Jerome KerseyLongwood
0%
Terry RozierLouisville
0%
Donovan MitchellLouisville
0%
Shaquille O'NealLSU
0%
Maurice LucasMarquette
0%
Jimmy ButlerMarquette
0%
Steve BlakeMaryland
0%
Magic JohnsonMichigan St
0%
Amir CoffeyMinnesota
0%
Rodney HoodMississippi St
0%
Jordan ClarksonMissouri
0%
Kobe BrownMissouri
0%
Winston GarlandMissouri St
0%
Cody MartinNevada
0%
Boo EllisNiagara
0%
Harrison BarnesNorth Carolina
0%
Vince CarterNorth Carolina
0%
Bam AdebayoNorthen Kentucky
0%
Happy HairstonNYU
0%
Jamal CainOakland
0%
Desmond MasonOklahoma St
0%
Greg SuttonOral Roberts
0%
Dillon BrooksOregon
0%
Greg BallardOregon
0%
Steven AdamsPittsburgh
0%
Carlik JonesRadford
0%
Morris AlmondRice
0%
Nate MensahSan Diego State
0%
Meta World PeaceSt Johns
0%
Pearl WashingtonSyracuse
0%
Bernard KingTennessee
0%
Dale EllisTennessee
0%
Grant WilliamsTennessee
0%
Cory JosephTexas
0%
Hot Rod WilliamsTulane
0%
Shaquille HarrisonTulsa
0%
Swen NaterUCLA
0%
Russell WestbrookUCLA
0%
Andre Jackson JrUConn
0%
Derrick JonesUNLV
0%
Darius GarlandVanderbilt
0%
Malcolm BrogdonVirginia
0%
Xavier CooksWinthrop
0%
Larry Nance JrWyoming
0%
Leo MogusYoungstown St
0%

Score Distribution

Percentile by Number Answered

Percent of People with Each Score

Your Score History

You have not taken this quiz